| 000 | 00444nam a2200157 i 4500 | ||
|---|---|---|---|
| 001 | 150338 | ||
| 003 | ES-MaACL | ||
| 005 | 20230906203453.0 | ||
| 007 | t| | ||
| 008 | 071030s1949 sp ||||1| spa d | ||
| 100 | 1 |
_aVaíllo Rollán, G. _9112417 |
|
| 245 | 1 | 0 |
_aTierra charra _b: novela / _cG. Vaíllo Rollán. |
| 260 |
_aSalamanca : _b[s.n.], _c1949 ( _fImp. Iglesias) |
||
| 300 |
_a157 p. ; _c19 cm. |
||
| 852 |
_aES-MaACL _jB-12876 _bR.29019 |
||
| 999 |
_c150338 _d150338 |
||